Countries Without Universal Health Care - Statistics

General Stats
  • This quiz has been taken 45 times
  • The average score is 16 of 30
Answer Stats
Continent Country % Correct
North America United States
97%
Europe/Asia Russia
84%
Europe/Asia Turkey
78%
South America Brazil
73%
South America Colombia
70%
Asia India
70%
Asia Iraq
68%
North America Mexico
68%
South America Peru
68%
South America Chile
65%
Asia Pakistan
65%
Asia China
62%
South America Argentina
59%
Asia Bangladesh
57%
Africa Egypt
49%
Africa Algeria
46%
Asia Indonesia
43%
Africa Morocco
43%
Asia Saudi Arabia
43%
Asia Thailand
43%
Asia Vietnam
43%
Africa Nigeria
41%
Africa South Africa
41%
Europe Ukraine
41%
Asia Jordan
35%
Asia Lebanon
35%
Asia Philippines
32%
Africa Kenya
16%
Africa Ghana
14%
Africa Cameroon
8%
No matching quizzes found
Score Distribution
Percent of People with Each Score
Percentile by Number Answered
Your Score History
You have not taken this quiz